000 00257nam a2200109Ia 4500
008 200302s9999 xx 000 0 und d
100 _aFred Lawson
245 _aRestaurant Planning & Design
260 _bArchitecural Press
260 _c1973
300 _a180 P.,
999 _c127
_d127